[Event "4NCL Division 1c"]
[Site "Telford, ENG"]
[Date "2019.05.04"]
[Round "9.38"]
[White "Bhatia, Kanwal K"]
[Black "Fabri, Henrik"]
[Result "1-0"]
[WhiteElo "2046"]
[BlackElo "1937"]
[PlyCount "103"]
[EventDate "2019.05.04"]
[WhiteTeam "Barbican 4NCL 1"]
[BlackTeam "Chess.com Manx Liberty 1"]

1. e4 e5 2. Nf3 Nc6 3. Nc3 Nf6 4. Be2 Bb4 5. Nd5 Ba5 6. c3 d6 7. a4 a6 8. b4
Bb6 9. Nxb6 cxb6 10. d3 h6 11. O-O O-O 12. h3 Re8 13. Re1 d5 14. Qc2 Qc7 15.
Rb1 Be6 16. Be3 Rac8 17. b5 d4 18. cxd4 exd4 19. Bd2 axb5 20. Rxb5 Nd7 21. Rc1
Qd8 22. Qb1 Na7 23. Rb2 Rxc1+ 24. Qxc1 Nc6 25. Qb1 Qa8 26. Bd1 Rb8 27. Qa1 Qa6
28. Qa3 Nc5 29. Bc2 Ra8 30. a5 Nd7 31. Ba4 bxa5 32. Qd6 Qxd3 33. Rxb7 Nce5 34.
Nxe5 Nxe5 35. Bf4 Nc4 36. Qc6 Rc8 37. Bc7 Qe2 38. Bb5 Qe1+ 39. Kh2 Na3 40. Ba6
Qxf2 41. Rb6 Rxc7 42. Qxc7 Qe3 43. Qg3 Nc4 44. Rxe6 fxe6 45. Bxc4 Qxe4 46. Bd3
Qd5 47. Qc7 Qa8 48. Qd6 Qd5 49. Qe7 Qe5+ 50. g3 Qf6 51. Qe8+ Qf8 52. Bh7+ 1-0

[Event "4NCL Division 1c"]
[Site "Telford, ENG"]
[Date "2019.05.04"]
[Round "9.42"]
[White "Wells, Peter K"]
[Black "Hawkins, Jonathan"]
[Result "0-1"]
[WhiteElo "2416"]
[BlackElo "2567"]
[PlyCount "42"]
[EventDate "2019.05.04"]
[WhiteTeam "White Rose 1"]
[BlackTeam "Cheddleton 1"]

1. d4 Nf6 2. c4 e6 3. Nf3 d5 4. g3 dxc4 5. Bg2 a6 6. O-O Nc6 7. Nc3 Rb8 8. e4
Be7 9. Qe2 b5 10. Rd1 O-O 11. Bf4 Nb4 12. Ne1 Re8 13. a3 Nc6 14. d5 exd5 15.
Nxd5 Nxd5 16. Rxd5 Bd6 17. Bxd6 Be6 18. Bc5 Bxd5 19. Rd1 f5 20. e5 Rxe5 21.
Bxd5+ Qxd5 0-1

[Event "4NCL Division 1c"]
[Site "Telford, ENG"]
[Date "2019.05.04"]
[Round "9.43"]
[White "Fodor, Tamas Jr"]
[Black "Palliser, Richard J D"]
[Result "1-0"]
[WhiteElo "2528"]
[BlackElo "2411"]
[PlyCount "65"]
[EventDate "2019.05.04"]
[WhiteTeam "Cheddleton 1"]
[BlackTeam "White Rose 1"]

1. e4 c5 2. Nf3 d6 3. c3 Nf6 4. Be2 Bd7 5. Qc2 Qc7 6. a4 g6 7. O-O Bg7 8. h3
O-O 9. Re1 Nc6 10. Na3 Na5 11. d3 a6 12. Bf4 b5 13. axb5 axb5 14. d4 c4 15. Nd2
e5 16. Be3 exd4 17. Bxd4 Rfe8 18. Bf3 Rab8 19. b3 cxb3 20. Nxb3 Nc6 21. Rab1
Ne5 22. Be2 d5 23. Nc5 Nxe4 24. Na6 Qa5 25. Nxb8 Rxb8 26. Qb2 Bf5 27. Nxb5 Nd6
28. Qb4 Qd8 29. Rbd1 Ne4 30. Qa3 Bf8 31. Qc1 Nc6 32. Be3 Qf6 33. Rxd5 1-0

[Event "4NCL Division 1c"]
[Site "Telford, ENG"]
[Date "2019.05.04"]
[Round "9.44"]
[White "Adair, James R"]
[Black "Arkell, Keith C"]
[Result "1-0"]
[WhiteElo "2474"]
[BlackElo "2467"]
[PlyCount "85"]
[EventDate "2019.05.04"]
[WhiteTeam "White Rose 1"]
[BlackTeam "Cheddleton 1"]

1. e4 d5 2. exd5 Nf6 3. d4 Nxd5 4. c4 Nf6 5. Nf3 g6 6. g3 Bg7 7. Bg2 O-O 8. O-O
c6 9. Nc3 Bg4 10. Be3 Nbd7 11. Qb3 Bxf3 12. Bxf3 Qb6 13. Qa3 Qd8 14. Rfd1 Re8
15. b4 Nb6 16. Qb3 Qd7 17. Kg2 Qe6 18. d5 cxd5 19. c5 Ne4 20. Nxd5 Nxd5 21.
Qxd5 Qxd5 22. Rxd5 Bxa1 23. Bxe4 f5 24. Bf3 Rad8 25. Rxd8 Rxd8 26. Bxb7 Bd4 27.
Kf3 Bxe3 28. Kxe3 Rd1 29. b5 Kf7 30. a4 Ke6 31. a5 Re1+ 32. Kd2 Rf1 33. Ke2 Rc1
34. b6 Rxc5 35. bxa7 Rxa5 36. a8=Q Rxa8 37. Bxa8 Kf6 38. Kd3 g5 39. Kd4 g4 40.
Bc6 e6 41. Bb5 h5 42. Be8 h4 43. gxh4 1-0

[Event "4NCL Division 1c"]
[Site "Telford, ENG"]
[Date "2019.05.04"]
[Round "9.45"]
[White "Kirk, Ezra"]
[Black "McNab, Colin A"]
[Result "1-0"]
[WhiteElo "2427"]
[BlackElo "2417"]
[PlyCount "133"]
[EventDate "2019.05.04"]
[WhiteTeam "Cheddleton 1"]
[BlackTeam "White Rose 1"]

1. e4 g6 2. d4 d6 3. Nc3 c6 4. Be3 Nf6 5. Qd2 Nbd7 6. Nf3 Qc7 7. h3 Bg7 8. Bd3
O-O 9. O-O e5 10. Rad1 b5 11. Bh6 exd4 12. Nxd4 Nc5 13. b4 Nxd3 14. cxd3 a5 15.
Bxg7 Kxg7 16. a3 Bd7 17. Qb2 Rfe8 18. Nf3 axb4 19. axb4 Qd8 20. Rfe1 Kg8 21. d4
Nh5 22. Qc1 Qe7 23. d5 Rac8 24. e5 dxe5 25. d6 Qf6 26. Ne4 Qg7 27. Nc5 f6 28.
Nd2 Nf4 29. Nde4 Rf8 30. Nxd7 Qxd7 31. Nc5 Qf5 32. Qc3 Kh8 33. d7 Rcd8 34. Rd6
Nd5 35. Qd2 Rf7 36. Rxc6 Nf4 37. Kh2 Qg5 38. g3 Nxh3 39. Qd5 Qh5 40. Kg2 Ng5
41. Rh1 Qg4 42. Rh4 Qf5 43. Rb6 Qc2 44. Re6 Nxe6 45. Qxe6 Rff8 46. Qe7 h5 47.
Ne6 Qc6+ 48. Kh2 Qxd7 49. Nxf8 Qxe7 50. Nxg6+ Kg7 51. Nxe7 Rd7 52. Nf5+ Kg6 53.
Ne3 f5 54. Kg2 Rd2 55. Kf3 Kg5 56. Rh1 Rd4 57. Rd1 Rxb4 58. Rd5 Kf6 59. Rd8 Ke7
60. Rh8 Rb3 61. Rxh5 Ke6 62. Rh6+ Kf7 63. Kg2 f4 64. gxf4 exf4 65. Nd5 f3+ 66.
Kg3 Rd3 67. Ne3 1-0

[Event "4NCL Division 1c"]
[Site "Telford, ENG"]
[Date "2019.05.04"]
[Round "9.46"]
[White "Camacho Collados, Jose"]
[Black "Eggleston, David J"]
[Result "1/2-1/2"]
[WhiteElo "2400"]
[BlackElo "2401"]
[PlyCount "203"]
[EventDate "2019.05.04"]
[WhiteTeam "White Rose 1"]
[BlackTeam "Cheddleton 1"]

1. Nf3 Nf6 2. g3 d5 3. Bg2 e6 4. O-O Be7 5. b3 O-O 6. c4 c5 7. cxd5 exd5 8. Bb2
Nc6 9. d4 cxd4 10. Nxd4 Qb6 11. e3 Bg4 12. Nxc6 bxc6 13. Qd4 c5 14. Qf4 Rad8
15. h3 Be6 16. Nc3 d4 17. Na4 Qb4 18. exd4 cxd4 19. Rfd1 d3 20. Qe3 Nd5 21.
Qxa7 d2 22. Qd4 Qxd4 23. Bxd4 Nf4 24. Bc5 Bxc5 25. Nxc5 Ne2+ 26. Kf1 Nc3 27.
Nxe6 fxe6 28. a4 Rf5 29. b4 Nxd1 30. Rxd1 Rd4 31. Bc6 Rc4 32. Bd7 Kf7 33. Rxd2
Rd5 34. Bb5 Rxb4 35. Rc2 Kf6 36. h4 Rbd4 37. Ke2 Re5+ 38. Kf3 Rb4 39. Rd2 Rc5
40. Ke2 Rb3 41. Ra2 Re5+ 42. Kf1 Rc3 43. Be2 Rec5 44. a5 Rc1+ 45. Kg2 R1c2 46.
Rxc2 Rxc2 47. Kf3 Ra2 48. a6 Ke5 49. Bc4 Ra3+ 50. Kg4 Ra4 51. f4+ Kf6 52. Bd3
h6 53. Kf3 e5 54. Bb5 Ra5 55. Bc4 exf4 56. gxf4 Kg6 57. Kg4 Ra3 58. h5+ Kf6 59.
Bb5 g6 60. hxg6 Kxg6 61. Bf1 h5+ 62. Kh4 Rf3 63. f5+ Kh6 64. Bg2 Ra3 65. Bb7
Ra4+ 66. Kg3 Kg5 67. Bc8 Ra2 68. Kh3 h4 69. Bb7 Ra3+ 70. Kh2 Kxf5 71. Bc8+ Kg5
72. Kg2 Ra2+ 73. Kh3 Rc2 74. Bb7 Rc3+ 75. Kh2 Ra3 76. Bc8 h3 77. Bxh3 Rxa6 78.
Kg3 Ra3+ 79. Kg2 Kf4 80. Bd7 Ra2+ 81. Kf1 Ke3 82. Bc6 Rf2+ 83. Kg1 Rc2 84. Bb7
Rc7 85. Bd5 Rg7+ 86. Kf1 Rg6 87. Bb7 Rf6+ 88. Kg2 Rf2+ 89. Kg3 Rf7 90. Bc6 Rg7+
91. Kh4 Kf4 92. Kh5 Kf5 93. Kh4 Rc7 94. Bd5 Kf4 95. Kh3 Rc3+ 96. Kg2 Rd3 97.
Bb7 Rd2+ 98. Kf1 Ke3 99. Bc6 Rf2+ 100. Kg1 Rf5 101. Kg2 Rf2+ 102. Kg1 1/2-1/2

[Event "4NCL Division 1c"]
[Site "Telford, ENG"]
[Date "2019.05.04"]
[Round "9.47"]
[White "Astaneh Lopez, Alex"]
[Black "Chow, Samuel"]
[Result "1-0"]
[WhiteElo "2427"]
[BlackElo "2328"]
[PlyCount "77"]
[EventDate "2019.05.04"]
[WhiteTeam "Cheddleton 1"]
[BlackTeam "White Rose 1"]

1. Nf3 Nf6 2. g3 g6 3. b3 Bg7 4. Bb2 O-O 5. Bg2 a5 6. O-O a4 7. c4 c5 8. bxa4
d6 9. d3 Qa5 10. Nfd2 Qxa4 11. Qc1 Nc6 12. Nc3 Qa5 13. Nb3 Qc7 14. Nb5 Qb8 15.
Bc3 Ne8 16. Qb2 Bxc3 17. Nxc3 Nf6 18. Rfb1 Qc7 19. Nd2 Qa5 20. Nd5 Nxd5 21.
cxd5 Ne5 22. f4 Nd7 23. Nc4 Qa4 24. e4 Rb8 25. Qb5 Qc2 26. Bf1 Nf6 27. Qa5 Bd7
28. Rb2 Qa4 29. Qxa4 Bxa4 30. Nb6 Be8 31. Bh3 h5 32. a4 Ng4 33. Bxg4 hxg4 34.
a5 f5 35. Kf2 e5 36. dxe6 fxe4 37. dxe4 Rf6 38. Nd5 Rxe6 39. a6 1-0

[Event "4NCL Division 1c"]
[Site "Telford, ENG"]
[Date "2019.05.04"]
[Round "9.48"]
[White "Sucikova, Svetlana"]
[Black "Steil-Antoni, Fiona"]
[Result "1-0"]
[WhiteElo "2110"]
[BlackElo "2156"]
[PlyCount "73"]
[EventDate "2019.05.04"]
[WhiteTeam "White Rose 1"]
[BlackTeam "Cheddleton 1"]

1. Nf3 d6 2. d4 Bg4 3. c4 Nd7 4. Nc3 e5 5. g3 Bxf3 6. exf3 g6 7. Bg2 Bg7 8. O-O
Ne7 9. f4 exd4 10. Nb5 Rb8 11. Re1 O-O 12. Nxc7 Qxc7 13. Rxe7 Bf6 14. Re2 Qxc4
15. Rd2 Qa6 16. b3 d3 17. Bb2 Bxb2 18. Rxb2 Nc5 19. Bd5 Rbe8 20. Qf3 Re2 21.
Rxe2 dxe2 22. Bc4 b5 23. Bxe2 Qb6 24. Qd5 a6 25. Bf3 Ne6 26. Rd1 Rd8 27. Bg4
Nc7 28. Qg5 Ne8 29. h4 Kg7 30. h5 h6 31. Qe7 d5 32. hxg6 Kxg6 33. Bh5+ Kxh5 34.
Qxf7+ Kg4 35. Kg2 Qf6 36. Rxd5 Rxd5 37. Qxd5 1-0

[Event "4NCL Division 1d"]
[Site "Telford, ENG"]
[Date "2019.05.05"]
[Round "10.51"]
[White "Cornette, Matthieu"]
[Black "Gourlay, Iain"]
[Result "1/2-1/2"]
[WhiteElo "2556"]
[BlackElo "2349"]
[PlyCount "97"]
[EventDate "2019.05.05"]
[WhiteTeam "Celtic Tigers 1"]
[BlackTeam "Alba"]

1. Nf3 d5 2. c4 c6 3. e3 Nf6 4. Nc3 a6 5. d4 Bf5 6. Ne5 Nbd7 7. Qb3 Qc7 8. cxd5
Nxe5 9. dxe5 Nxd5 10. Nxd5 cxd5 11. Bd2 e6 12. Rc1 Qd7 13. Be2 Be7 14. Ba5 Rc8
15. Rxc8+ Qxc8 16. Kd2 O-O 17. Rc1 Qa8 18. g4 Bg6 19. Qc3 f6 20. Bb6 Qe8 21.
exf6 Bxf6 22. Qb3 Qd7 23. f4 d4 24. g5 dxe3+ 25. Kxe3 Be7 26. Qd1 Bd6 27. Bc7
Rc8 28. Bxd6 Rxc1 29. Qxc1 Qxd6 30. Qc8+ Kf7 31. Qxb7+ Kf8 32. b4 e5 33. Qc8+
Ke7 34. Qc4 exf4+ 35. Qxf4 Qe6+ 36. Kf2 Qxa2 37. Qc7+ Kf8 38. Qd6+ Ke8 39. Qxa6
Qd2 40. Qb5+ Kf7 41. Qc4+ Ke7 42. Qc5+ Kd7 43. b5 Qf4+ 44. Ke1 Qh4+ 45. Kd1
Qa4+ 46. Kd2 Qf4+ 47. Qe3 Qxh2 48. Kc3 Qd6 49. Bg4+ 1/2-1/2

[Event "4NCL Division 1d"]
[Site "Telford, ENG"]
[Date "2019.05.05"]
[Round "10.52"]
[White "Sreeves, Clement"]
[Black "Szczepkowska, Karina"]
[Result "0-1"]
[WhiteElo "2360"]
[BlackElo "2431"]
[PlyCount "28"]
[EventDate "2019.05.05"]
[WhiteTeam "Alba"]
[BlackTeam "Celtic Tigers 1"]

1. e4 e5 2. f4 exf4 3. Bc4 Ne7 4. Nc3 c6 5. d4 Ng6 6. Nf3 Be7 7. Qe2 d6 8. Bd2
b5 9. Nxb5 d5 10. exd5 cxb5 11. Bxb5+ Kf8 12. d6 Bxd6 13. Qe4 Qe7 14. Ne5 Bb7
0-1

[Event "4NCL Division 1d"]
[Site "Telford, ENG"]
[Date "2019.05.05"]
[Round "10.53"]
[White "Reimanis, Ritvars"]
[Black "Greet, Andrew N"]
[Result "1-0"]
[WhiteElo "2336"]
[BlackElo "2420"]
[PlyCount "97"]
[EventDate "2019.05.05"]
[WhiteTeam "Celtic Tigers 1"]
[BlackTeam "Alba"]

1. d4 d5 2. c4 e6 3. Nc3 Bb4 4. Nf3 Nf6 5. cxd5 exd5 6. Bg5 h6 7. Bh4 Nbd7 8.
Rc1 c6 9. e3 g5 10. Bg3 Ne4 11. Nd2 Nxg3 12. hxg3 Nb6 13. Bd3 Be6 14. a3 Bf8
15. Na4 Nc4 16. Bxc4 dxc4 17. O-O b5 18. Nc3 Qd7 19. a4 Be7 20. Nf3 Bg4 21. d5
b4 22. Qd4 f6 23. Ne4 Bxf3 24. gxf3 Qxd5 25. Nxf6+ Bxf6 26. Qxf6 Rf8 27. Qg6+
Ke7 28. e4 Qc5 29. Kg2 Rf6 30. Qh5 Qd4 31. e5 Re6 32. Rfd1 Qc5 33. Qg4 c3 34.
bxc3 b3 35. Qe4 Rh8 36. c4 Qxe5 37. Qd3 b2 38. Rb1 Rb8 39. Qh7+ Kf8 40. Rd7 Qf6
41. Rb7 Rxb7 42. Qxb7 Re2 43. Qb8+ Kf7 44. Qxa7+ Kg6 45. Qb8 c5 46. Rd1 Re6 47.
Qg8+ Kf5 48. Rd5+ Re5 49. Qh7+ 1-0

[Event "4NCL Division 1d"]
[Site "Telford, ENG"]
[Date "2019.05.05"]
[Round "10.54"]
[White "Morrison, Graham"]
[Black "Hoffmann, Hendrik"]
[Result "1/2-1/2"]
[WhiteElo "2279"]
[BlackElo "2258"]
[PlyCount "61"]
[EventDate "2019.05.05"]
[WhiteTeam "Alba"]
[BlackTeam "Celtic Tigers 1"]

1. d4 d5 2. c4 c6 3. Nf3 Nf6 4. Nc3 e6 5. e3 Nbd7 6. Qc2 Bd6 7. Bd3 dxc4 8.
Bxc4 b5 9. Be2 O-O 10. O-O Bb7 11. Rd1 Qc7 12. e4 e5 13. Bg5 exd4 14. Rxd4 Ne5
15. Bxf6 gxf6 16. g3 Bc5 17. Rd2 Rad8 18. Nh4 Qb6 19. Rf1 Bc8 20. Nf5 Rfe8 21.
Kg2 Bxf5 22. exf5 Rxd2 23. Qxd2 Bb4 24. Rd1 Qa5 25. Qh6 Bxc3 26. bxc3 Qxc3 27.
Qxf6 Qc5 28. Rd8 Rxd8 29. Qxd8+ Qf8 30. Qg5+ Qg7 31. Qd8+ 1/2-1/2

[Event "4NCL Division 1d"]
[Site "Telford, ENG"]
[Date "2019.05.05"]
[Round "10.55"]
[White "Maciol, Ryszard"]
[Black "Berry, Neil"]
[Result "1/2-1/2"]
[WhiteElo "2165"]
[BlackElo "2261"]
[PlyCount "154"]
[EventDate "2019.05.05"]
[WhiteTeam "Celtic Tigers 1"]
[BlackTeam "Alba"]

1. d4 Nf6 2. c4 e6 3. Nc3 Bb4 4. e3 O-O 5. Bd3 d5 6. Nf3 c5 7. O-O cxd4 8. exd4
dxc4 9. Bxc4 b6 10. Qe2 Bb7 11. Rd1 Nbd7 12. Bg5 Bxc3 13. bxc3 Qc7 14. Nd2 Rac8
15. Rac1 Nd5 16. Qg4 N7f6 17. Qh3 h6 18. Bxf6 Nxf6 19. Qg3 Qxg3 20. hxg3 Rc7
21. Bd3 Rfc8 22. c4 Rd8 23. Nb3 Ba6 24. c5 Bxd3 25. Rxd3 Nd5 26. f4 h5 27. Kf2
Ne7 28. Rcd1 Rcd7 29. a4 Nc6 30. Ke3 Nb4 31. R3d2 Nd5+ 32. Kd3 h4 33. gxh4
Nxf4+ 34. Ke3 Nd5+ 35. Kd3 Ne7 36. Kc4 Nd5 37. Re1 Kf8 38. g4 Ke7 39. g5 g6 40.
Rh2 Rh8 41. Re4 Rb7 42. h5 Rh7 43. h6 Rxh6 44. Rh3 Rh5 45. Rxh5 gxh5 46. Rh4
bxc5 47. Na5 Rb4+ 48. Kxc5 Rxa4 49. Nc6+ Kf8 50. Rxh5 Kg7 51. Rh3 Ra2 52. Rf3
Rc2+ 53. Kd6 Rc3 54. Rf2 Ne3 55. Ne5 Nc4+ 56. Ke7 Nxe5 57. dxe5 Rc7+ 58. Kd6
Rb7 59. Rf6 a5 60. Kc6 Ra7 61. Kb6 Ra8 62. Kb7 Rd8 63. g6 fxg6 64. Rxe6 a4 65.
Ra6 Rd5 66. e6 Kf6 67. e7+ Kxe7 68. Rxg6 a3 69. Ra6 Rd7+ 70. Kc8 Rd3 71. Kc7
Rf3 72. Kc8 Rc3+ 73. Kb7 Kd7 74. Kb8 Rb3+ 75. Ka8 Kc7 76. Ka7 Rc3 77. Ka8 Rd3
1/2-1/2

[Event "4NCL Division 1d"]
[Site "Telford, ENG"]
[Date "2019.05.05"]
[Round "10.56"]
[White "McKay, Roderick M"]
[Black "Quinn, John M"]
[Result "1-0"]
[WhiteElo "2282"]
[BlackElo "2140"]
[PlyCount "99"]
[EventDate "2019.05.05"]
[WhiteTeam "Alba"]
[BlackTeam "Celtic Tigers 1"]

1. f4 d5 2. d3 Nf6 3. Nf3 g6 4. c3 Bg7 5. Qc2 O-O 6. Na3 b6 7. e4 dxe4 8. dxe4
Bb7 9. e5 Nd5 10. Be2 e6 11. O-O Qe7 12. Kh1 a6 13. Ng5 Nd7 14. Bf3 b5 15. Bd2
Rab8 16. c4 Nb4 17. Qb3 Bxf3 18. Bxb4 c5 19. Ba5 Be2 20. Rfe1 Bxc4 21. Nxc4
bxc4 22. Qh3 h6 23. Ne4 Rxb2 24. Bc7 Rc8 25. Bd6 Qd8 26. g4 Rc6 27. Rad1 Qa8
28. Qf3 Kh8 29. g5 Rxd6 30. Rxd6 Nxe5 31. fxe5 Bxe5 32. Rd2 c3 33. Rxb2 cxb2
34. Nd2 Qd8 35. Nc4 Qxg5 36. Nxe5 Qxe5 37. Rxe5 b1=Q+ 38. Kg2 Qxa2+ 39. Re2 Qc4
40. Qf6+ Kg8 41. Rf2 Qg4+ 42. Kh1 Qd1+ 43. Rf1 Qd5+ 44. Qf3 Qd7 45. Rd1 Qe7 46.
Qa8+ Kg7 47. Qxa6 e5 48. Qd6 Qg5 49. Re1 e4 50. Rxe4 1-0

[Event "4NCL Division 1d"]
[Site "Telford, ENG"]
[Date "2019.05.05"]
[Round "10.58"]
[White "Roy, Ali"]
[Black "Pedersen, Carsten"]
[Result "1/2-1/2"]
[WhiteElo "1885"]
[BlackElo "2122"]
[PlyCount "154"]
[EventDate "2019.05.05"]
[WhiteTeam "Alba"]
[BlackTeam "Celtic Tigers 1"]

1. Nf3 Nf6 2. g3 c5 3. Bg2 Nc6 4. O-O g6 5. c4 Bg7 6. Nc3 O-O 7. d4 cxd4 8.
Nxd4 Qb6 9. Nf3 d6 10. Qb3 Qd8 11. Nd5 Re8 12. Rd1 Nxd5 13. cxd5 Ne5 14. Nd4
Nd7 15. e4 Nc5 16. Qc4 a5 17. Rb1 Bg4 18. f3 Bd7 19. Be3 Na4 20. Rdc1 Rc8 21.
Qe2 Rxc1+ 22. Rxc1 Qb8 23. Qd2 Rc8 24. b3 Rxc1+ 25. Qxc1 Nc5 26. Bf1 Qd8 27.
Qc2 h5 28. f4 Qc8 29. Nf3 Bg4 30. Be2 b6 31. a3 Qa8 32. Kg2 f5 33. h3 Bxf3+ 34.
Bxf3 fxe4 35. Bxe4 Nxe4 36. Qxe4 Qa6 37. Qc4 Qa7 38. Qc6 Qa6 39. Qc4 Qa7 40.
Qc8+ Kh7 41. f5 gxf5 42. Qxf5+ Kg8 43. Qxh5 Qa6 44. Qd1 Qb5 45. a4 Qb4 46. Qd3
Kf7 47. g4 Be5 48. g5 Kg7 49. Bf2 Qf4 50. h4 Qg4+ 51. Kf1 Qf4 52. Ke2 Qg4+ 53.
Qf3 Qb4 54. h5 b5 55. g6 Bf6 56. axb5 Qxb5+ 57. Qd3 Qb4 58. Kf3 Qa3 59. Be3 Qa1
60. h6+ Kg8 61. Qc2 Qh1+ 62. Kg4 Qh4+ 63. Kf3 Qh1+ 64. Qg2 Qd1+ 65. Kg3 Qxb3
66. Qf3 a4 67. Qe4 Be5+ 68. Kh4 Qd1 69. Kg5 Qf1 70. h7+ Kg7 71. Qxa4 Qf6+ 72.
Kg4 Qxg6+ 73. Kf3 Qg3+ 74. Ke2 Qg2+ 75. Bf2 Qxd5 76. h8=Q+ Kxh8 77. Qe8+ Kg7
1/2-1/2

[Event "4NCL Division 1d"]
[Site "Telford, ENG"]
[Date "2019.05.05"]
[Round "10.61"]
[White "Gordon, Stephen J"]
[Black "Coathup, Roger H"]
[Result "1/2-1/2"]
[WhiteElo "2533"]
[BlackElo "2207"]
[PlyCount "119"]
[EventDate "2019.05.05"]
[WhiteTeam "3Cs 1"]
[BlackTeam "North East England"]

1. d4 Nf6 2. c4 e6 3. Nc3 d5 4. Bg5 Be7 5. Nf3 O-O 6. e3 h6 7. Bh4 Ne4 8. Bxe7
Qxe7 9. Rc1 Nxc3 10. Rxc3 c6 11. h4 Nd7 12. g4 e5 13. cxd5 cxd5 14. g5 e4 15.
Nd2 hxg5 16. Qh5 g6 17. Qxg5 Qxg5 18. hxg5 Rd8 19. f3 exf3 20. Nxf3 Nf8 21. Rc7
Ne6 22. Rc2 Nf8 23. Bd3 Be6 24. Rch2 Rac8 25. Kf2 Rc7 26. Kg3 Rdc8 27. Kf4 Rc1
28. Rxc1 Rxc1 29. Rc2 Rd1 30. Rc3 Nd7 31. a4 Nb6 32. b3 Kg7 33. a5 Nc8 34. Ke5
Ra1 35. b4 Ra4 36. b5 Rxa5 37. Kf4 Nd6 38. Ke5 Nxb5 39. Rc5 a6 40. Bxb5 axb5
41. Rc7 Ra3 42. Kf4 Rb3 43. Rxb7 Rb2 44. Ne5 Rb1 45. Nc6 Rf1+ 46. Ke5 Re1 47.
Nd8 Rxe3+ 48. Kd6 Kf8 49. Nxe6+ fxe6 50. Rxb5 Re4 51. Rb8+ Kf7 52. Rb7+ Kf8 53.
Ra7 Rxd4 54. Kxe6 Rf4 55. Rd7 d4 56. Rd8+ Kg7 57. Rd7+ Kf8 58. Rd8+ Kg7 59.
Rd7+ Kf8 60. Rd8+ 1/2-1/2

[Event "4NCL Division 1d"]
[Site "Telford, ENG"]
[Date "2019.05.05"]
[Round "10.62"]
[White "Taylor, Adam A"]
[Black "Libiszewski, Fabien"]
[Result "0-1"]
[WhiteElo "2252"]
[BlackElo "2488"]
[PlyCount "56"]
[EventDate "2019.05.05"]
[WhiteTeam "North East England"]
[BlackTeam "3Cs 1"]

1. Nf3 g6 2. g3 Bg7 3. d4 c5 4. dxc5 Na6 5. Bg2 Nxc5 6. O-O d5 7. Nc3 Nf6 8.
Be3 b6 9. Bd4 Bb7 10. a4 a5 11. Ne1 O-O 12. Nd3 Ne6 13. Be5 Rc8 14. Ra3 Qd7 15.
e3 Rfd8 16. Rb3 d4 17. exd4 Bxg2 18. Kxg2 Nxd4 19. Bxd4 Qxd4 20. Qf3 Nd5 21.
Nxd5 Rxd5 22. Rxb6 Rxc2 23. Nf4 Rd8 24. Rb7 Bf6 25. b3 g5 26. Nh5 g4 27. Nxf6+
exf6 28. Qf5 Rc5 0-1

[Event "4NCL Division 1d"]
[Site "Telford, ENG"]
[Date "2019.05.05"]
[Round "10.63"]
[White "Longson, Alexander"]
[Black "Ferrington, Nigel M"]
[Result "1-0"]
[WhiteElo "2318"]
[BlackElo "2215"]
[PlyCount "111"]
[EventDate "2019.05.05"]
[WhiteTeam "3Cs 1"]
[BlackTeam "North East England"]

1. e4 e5 2. Nf3 Nc6 3. Bc4 Bc5 4. O-O d6 5. c3 Nf6 6. d3 a6 7. a4 Ba7 8. Re1 h6
9. Na3 O-O 10. Nc2 Re8 11. Be3 Be6 12. Bxa7 Rxa7 13. Bxe6 Rxe6 14. d4 Re8 15.
d5 Ne7 16. a5 Qd7 17. Qd3 Raa8 18. Ne3 Nh5 19. g3 g6 20. Qe2 Rf8 21. Nh4 Nf6
22. Qd3 Nh7 23. Kh1 Rae8 24. c4 Qh3 25. Rf1 f5 26. exf5 gxf5 27. f4 e4 28. Qe2
Nf6 29. Qg2 Qxg2+ 30. Kxg2 Nd7 31. b4 Rf6 32. Rfc1 c6 33. Rc2 Nf8 34. Rd1 Kf7
35. Kf2 Nfg6 36. Nxg6 Kxg6 37. Ke2 Rd8 38. Rb1 h5 39. b5 axb5 40. cxb5 Nxd5 41.
bxc6 bxc6 42. Rxc6 Nxe3 43. Kxe3 d5 44. Rxf6+ Kxf6 45. Kd4 Ke6 46. a6 Kd6 47.
Rb6+ Kc7 48. Re6 h4 49. gxh4 Rh8 50. Kxd5 Rxh4 51. Ke5 Rh5 52. Re7+ Kb8 53. Kf6
Rxh2 54. Kxf5 Rh6 55. Rxe4 Rxa6 56. Rc4 1-0

[Event "4NCL Division 1d"]
[Site "Telford, ENG"]
[Date "2019.05.05"]
[Round "10.64"]
[White "Dunn, Andrew"]
[Black "Ashton, Adam G"]
[Result "1/2-1/2"]
[WhiteElo "2147"]
[BlackElo "2316"]
[PlyCount "65"]
[EventDate "2019.05.05"]
[WhiteTeam "North East England"]
[BlackTeam "3Cs 1"]

1. d4 d5 2. Nf3 Nf6 3. c4 e6 4. g3 Be7 5. Bg2 dxc4 6. Qa4+ Bd7 7. Qxc4 Bc6 8.
Nc3 O-O 9. O-O a6 10. a4 b5 11. Qd3 b4 12. Nb1 Be4 13. Qe3 Nbd7 14. Nbd2 Bb7
15. Nb3 Nd5 16. Qd3 c5 17. dxc5 Rc8 18. Bd2 h6 19. e4 N5f6 20. Bxb4 Bxe4 21.
Qe3 Ba8 22. Ba5 Qe8 23. Rfc1 Bd5 24. Nfd2 Bxg2 25. Kxg2 Nd5 26. Qe2 Nxc5 27.
Nxc5 Rxc5 28. Rxc5 Bxc5 29. Qxa6 Qb8 30. Qb5 Qxb5 31. axb5 Rb8 32. Nb3 Rxb5 33.
Nxc5 1/2-1/2

[Event "4NCL Division 1d"]
[Site "Telford, ENG"]
[Date "2019.05.05"]
[Round "10.65"]
[White "Abbas, Daniel"]
[Black "Dargan, Paul A G"]
[Result "1/2-1/2"]
[WhiteElo "2253"]
[BlackElo "2170"]
[PlyCount "124"]
[EventDate "2019.05.05"]
[WhiteTeam "3Cs 1"]
[BlackTeam "North East England"]

1. e4 c5 2. Nf3 g6 3. d4 cxd4 4. Nxd4 Bg7 5. Nc3 Nc6 6. Be3 Nf6 7. Bc4 O-O 8.
Bb3 Qa5 9. O-O d6 10. h3 Bd7 11. Re1 Rac8 12. Nd5 Rfe8 13. Bd2 Qc5 14. Nf3 Nxd5
15. exd5 Na5 16. Be3 Qc7 17. c3 Nxb3 18. axb3 a5 19. Bd4 Bxd4 20. Qxd4 Qc5 21.
Qd2 Kg7 22. Rad1 h6 23. Re4 e5 24. dxe6 Rxe6 25. Rh4 Rh8 26. Rd4 Bc6 27. Rc4
Qb6 28. Qd4+ Qxd4 29. Nxd4 Rf6 30. Nxc6 bxc6 31. Rxc6 Rb8 32. Rdxd6 Rxd6 33.
Rxd6 Rxb3 34. Ra6 Rxb2 35. Rxa5 Rb1+ 36. Kh2 Rc1 37. Rc5 h5 38. Kg3 Kf6 39. h4
Rc2 40. c4 Ke6 41. Rc7 Rc3+ 42. f3 Rc2 43. c5 Rc4 44. c6 Rc2 45. Kh3 Rc3 46.
Kh2 Rc4 47. Kg3 Rc2 48. Rc8 Rc4 49. c7 Kf6 50. Kf2 Kg7 51. Ke3 Rc1 52. g4 hxg4
53. fxg4 Rc2 54. h5 gxh5 55. gxh5 Rc1 56. h6+ Kh7 57. Kd4 Rc2 58. Ke5 Rc1 59.
Kd6 Rd1+ 60. Ke7 Rc1 61. Kd6 Rd1+ 62. Ke7 Rc1 1/2-1/2

[Event "4NCL Division 1d"]
[Site "Telford, ENG"]
[Date "2019.05.05"]
[Round "10.66"]
[White "Oswald, Graeme E"]
[Black "Longson, Sarah N"]
[Result "1-0"]
[WhiteElo "2153"]
[BlackElo "2123"]
[PlyCount "119"]
[EventDate "2019.05.05"]
[WhiteTeam "North East England"]
[BlackTeam "3Cs 1"]

1. c4 e5 2. Nc3 Nf6 3. g3 c6 4. Nf3 e4 5. Nd4 d5 6. cxd5 cxd5 7. d3 Qb6 8. dxe4
Bc5 9. e3 dxe4 10. Bg2 O-O 11. Nb3 Bg4 12. Qc2 Na6 13. O-O Rac8 14. Qb1 Rfd8
15. Nxe4 Be2 16. Bd2 Bd3 17. Ba5 Bxb1 18. Bxb6 Bxe4 19. Bxd8 Rxd8 20. Rfd1 Rb8
21. Nxc5 Nxc5 22. f3 Bc6 23. Rac1 Ne6 24. Kf2 Kf8 25. e4 Ke7 26. Ke3 Rd8 27.
Rxd8 Kxd8 28. Bf1 Ke7 29. b4 g5 30. Bd3 h5 31. h3 Bd7 32. f4 gxf4+ 33. gxf4 Nd8
34. f5 a6 35. a3 Nc6 36. Kf4 Nd4 37. Rc7 b5 38. Ra7 Ne8 39. Rxa6 f6 40. Rb6 Kd8
41. e5 fxe5+ 42. Kxe5 Nc6+ 43. Kf4 Nd6 44. f6 Kc7 45. Rxb5 Nxb5 46. Bxb5 Kd6
47. Kg5 Ke6 48. Bc4+ Kd6 49. h4 Ne5 50. Be2 Ng4 51. b5 Be8 52. a4 Ke5 53. Bxg4
hxg4 54. Kxg4 Kxf6 55. b6 Bc6 56. a5 Bb7 57. Kf4 Ke6 58. Kg5 Kf7 59. Kf5 Ke7
60. Ke5 1-0

[Event "4NCL Division 1d"]
[Site "Telford, ENG"]
[Date "2019.05.05"]
[Round "10.67"]
[White "Horton, Jamie A"]
[Black "Malola, Prasath.T.S"]
[Result "1-0"]
[WhiteElo "2186"]
[BlackElo "2087"]
[PlyCount "73"]
[EventDate "2019.05.05"]
[WhiteTeam "3Cs 1"]
[BlackTeam "North East England"]

1. d4 Nc6 2. e4 e5 3. dxe5 Nxe5 4. Nf3 Nxf3+ 5. Qxf3 Qf6 6. Qg3 Bc5 7. Nc3 c6
8. Bd3 d6 9. O-O Qg6 10. Bf4 Qxg3 11. Bxg3 b5 12. Rad1 a6 13. Be2 Ke7 14. Bf3
Be6 15. Ne2 g6 16. Nd4 Bd7 17. Nb3 Bb6 18. Bxd6+ Ke8 19. Nc5 Bxc5 20. Bxc5 h5
21. Rd3 Rc8 22. Rfd1 Be6 23. Bb6 f6 24. Rd8+ Rxd8 25. Rxd8+ Ke7 26. Ra8 Bxa2
27. b3 Bb1 28. Bd1 Kd6 29. Rxa6 Ne7 30. b4 Ke5 31. Ra1 Kxe4 32. Rxb1 Nd5 33.
Bf3+ Ke5 34. Re1+ Kd6 35. Bc5+ Kd7 36. Bxd5 cxd5 37. Re7+ 1-0